Estadísticas para Capitales de los países más poblados

Haz click aquí para intentar la prueba.

Estadísticas generales

  • Esta prueba ha sido intentada 3.351 veces
  • La puntuación promedio es 13 de 20

Estadísticas de respuestas

PaísCapital% Correcto
ChinaPekín
97%
Estados UnidosWashington D.C.
94%
RusiaMoscú
92%
IndiaNueva Delhi
91%
BrasilBrasilia
90%
JapónTokio
86%
MéxicoCiudad de México
85%
AlemaniaBerlín
76%
IndonesiaYakarta
68%
EgiptoCairo
65%
PakistánIslamabad
56%
BangladésDaca
55%
FilipinasManila
55%
TurquíaAnkara
52%
IranTeherán
52%
TailandiaBangkok
51%
NigeriaAbuya
47%
VietnamHanói
43%
EtiopíaAdís Abeba
39%
D.R. CongoKinsasa
39%

Distribución de puntuación

Porcentaje por número respondido

Porcentaje de gente con cada puntuación

Historial de tus puntuaciones

No has intentado esta prueba.